<?xml version="1.0" encoding="UTF-8"?>
<collection xmlns="http://www.loc.gov/MARC21/slim">
    <record>
        <controlfield tag="001">86254</controlfield>
        <controlfield tag="005">20191128095713.0</controlfield>
        <datafield tag="024" ind1="8" ind2=" ">
            <subfield code="2">sideral</subfield>
            <subfield code="a">113776</subfield>
        </datafield>
        <datafield tag="037" ind1=" " ind2=" ">
            <subfield code="a">ART-2017-113776</subfield>
        </datafield>
        <datafield tag="041" ind1=" " ind2=" ">
            <subfield code="a">spa</subfield>
        </datafield>
        <datafield tag="100" ind1=" " ind2=" ">
            <subfield code="0">(orcid)0000-0001-7110-3304</subfield>
            <subfield code="a">Barrio Gallardo, Aurelio</subfield>
            <subfield code="u">Universidad de Zaragoza</subfield>
        </datafield>
        <datafield tag="245" ind1=" " ind2=" ">
            <subfield code="a">El régimen de la vivienda familiar: un estudio del art. 190 del Código del Derecho foral de Aragón</subfield>
        </datafield>
        <datafield tag="260" ind1=" " ind2=" ">
            <subfield code="c">2017</subfield>
        </datafield>
        <datafield tag="506" ind1="0" ind2=" ">
            <subfield code="a">Access copy available to the general public</subfield>
            <subfield code="f">Unrestricted</subfield>
        </datafield>
        <datafield tag="520" ind1="3" ind2=" ">
            <subfield code="a">La vivienda familiar constituye el bien más preciado de cualquier economía doméstica. Semejante relevancia unida al hecho de ser el lugar donde discurre la vida en pareja y se cumplen los deberes tanto conyugales como paterno-filiales justifica la especial protección que le dispensa el legislador constante el matrimonio y aún después. Tal norma se encuentra presente en la mayoría de los Derechos civiles que coexisten en España. En este trabajo se realiza un análisis sistemático y pormenorizado del art. 190 del Decreto Legislativo 1/2011, de 22 de marzo, por el que se aprueba el «Código del Derecho Foral de Aragón».

Family dwelling is the most precious asset of any household. This relevance, together with the fact that home is where couple life goes by and duties both conjugal and paternal-filial are fulfilled, justifies the special protection dispensed by lawmaker while marriage lasts and even after. This rule is present in most of the civil laws coexisting in Spain. This paper offers a systematic and detailed analysis of section 190 of Legislative Decree 1/2011, of 22 March, which approves the «Code of Aragonese Regional Law».</subfield>
        </datafield>
        <datafield tag="540" ind1=" " ind2=" ">
            <subfield code="9">info:eu-repo/semantics/openAccess</subfield>
            <subfield code="a">All rights reserved</subfield>
            <subfield code="u">http://www.europeana.eu/rights/rr-f/</subfield>
        </datafield>
        <datafield tag="655" ind1=" " ind2="4">
            <subfield code="a">info:eu-repo/semantics/article</subfield>
            <subfield code="v">info:eu-repo/semantics/publishedVersion</subfield>
        </datafield>
        <datafield tag="710" ind1="2" ind2=" ">
            <subfield code="1">4004</subfield>
            <subfield code="2">130</subfield>
            <subfield code="a">Universidad de Zaragoza</subfield>
            <subfield code="b">Dpto. Derecho Privado</subfield>
            <subfield code="c">Área Derecho Civil</subfield>
        </datafield>
        <datafield tag="773" ind1=" " ind2=" ">
            <subfield code="g">15, 12 (2017), 7-28</subfield>
            <subfield code="p">REDUR, Rev. electrón. derecho Univ. La Rioja</subfield>
            <subfield code="t">REDUR. Revista electrónica de derecho Universidad de La Rioja</subfield>
            <subfield code="x">1695-078X</subfield>
        </datafield>
        <datafield tag="856" ind1="4" ind2=" ">
            <subfield code="s">321697</subfield>
            <subfield code="u">http://zaguan.unizar.es/record/86254/files/texto_completo.pdf</subfield>
            <subfield code="y">Versión publicada</subfield>
        </datafield>
        <datafield tag="856" ind1="4" ind2=" ">
            <subfield code="s">8683</subfield>
            <subfield code="u">http://zaguan.unizar.es/record/86254/files/texto_completo.jpg?subformat=icon</subfield>
            <subfield code="x">icon</subfield>
            <subfield code="y">Versión publicada</subfield>
        </datafield>
        <datafield tag="909" ind1="C" ind2="O">
            <subfield code="o">oai:zaguan.unizar.es:86254</subfield>
            <subfield code="p">articulos</subfield>
            <subfield code="p">driver</subfield>
        </datafield>
        <datafield tag="951" ind1=" " ind2=" ">
            <subfield code="a">2019-11-27-15:44:38</subfield>
        </datafield>
        <datafield tag="980" ind1=" " ind2=" ">
            <subfield code="a">ARTICLE</subfield>
        </datafield>
    </record>

    
</collection>